| 000 | 00599nam a2200169 a 4500 | ||
|---|---|---|---|
| 008 | 120416s1968 ||||||||||||||||| || u | ||
| 020 | _a0070476055 | ||
| 050 | _aTJ 1077 Sta. | ||
| 100 | _aAvallone, Eugene A | ||
| 245 | 1 | 0 |
_aStandard handbook of lubrication engineering _cedited by James J O'Connor |
| 260 |
_aNew York _bMcGraw-Hill _c1968 |
||
| 300 | _a1 vol. (in various paging : ill. | ||
| 350 | _a0.00 | ||
| 700 | _aO'Connor, James J | ||
| 700 | _aBoyd, J | ||
| 995 |
_D0.00 _FCBU-MAIN LIBRARY (Kitwe) _H1 _I24.00 _M1 _UREFERENCE _ZReference Collection |
||
| 999 |
_c58163 _d58163 |
||